Entry Personal Name
Number of records used in: 1
001 - CONTROL NUMBER
003 - CONTROL NUMBER IDENTIFIER
005 - DATE AND TIME OF LATEST TRANSACTION
- control field:
20231005152551.0
008 - FIXED-LENGTH DATA ELEMENTS
- fixed length control field:
790802n| azannaabn |a aaa
010 ## - LIBRARY OF CONGRESS CONTROL NUMBER
- LC control number:
n 79063767
- Canceled/invalid LC control number:
n 87125504
035 ## - SYSTEM CONTROL NUMBER
- System control number:
(OCoLC)oca00296711
040 ## - CATALOGING SOURCE
- Original cataloging agency:
DLC
- Language of cataloging:
eng
- Description conventions:
rda
- Transcribing agency:
DLC
- Modifying agency:
DLC
- Modifying agency:
OCl
- Modifying agency:
DLC
- Modifying agency:
OCoLC
- Modifying agency:
OCl
- Modifying agency:
DLC
- Modifying agency:
OCoLC
- Modifying agency:
DLC
- Modifying agency:
OCoLC
- Modifying agency:
UPB
- Modifying agency:
WaU
- Modifying agency:
DLC
- Modifying agency:
UPB
- Modifying agency:
IAhCCS
- Modifying agency:
DLC
- Modifying agency:
OCoLC
- Modifying agency:
WaU
- Modifying agency:
OCoLC
- Modifying agency:
IAhCCS
- Modifying agency:
ScU
046 ## - SPECIAL CODED DATES
- Birth date:
1947-09-21
- Source of date scheme:
edtf
053 #0 - LC CLASSIFICATION NUMBER
- Classification number element--single number or beginning number of span:
PS3561.I483
100 1# - HEADING--PERSONAL NAME
- Personal name:
King, Stephen,
- Dates associated with a name:
1947-
368 ## - OTHER ATTRIBUTES OF PERSON OR CORPORATE BODY
- Other designation:
Americans
- Source:
lcdgt
370 ## - ASSOCIATED PLACE
- Place of birth:
Portland (Me.)
- Associated country:
United States
- Source of term:
naf
372 ## - FIELD OF ACTIVITY
- Field of activity:
Fiction
- Field of activity:
Horror tales
- Field of activity:
Short stories
- Field of activity:
Motion picture authorship
- Field of activity:
Television authorship
- Field of activity:
Motion pictures--Production and direction
- Field of activity:
Television--Production and direction
- Field of activity:
Acting
- Source of term:
lcsh
372 ## - FIELD OF ACTIVITY
- Field of activity:
Novels
- Field of activity:
Horror fiction
- Field of activity:
Fantasy fiction
- Field of activity:
Science fiction
- Source of term:
lcgft
374 ## - OCCUPATION
- Occupation:
Authors
- Occupation:
Novelists
- Occupation:
Screenwriters
- Occupation:
Television writers
- Occupation:
Motion picture producers and directors
- Occupation:
Television producers and directors
- Occupation:
Actors
- Source of term:
lcsh
377 ## - ASSOCIATED LANGUAGE
378 ## - FULLER FORM OF PERSONAL NAME
- Fuller form of personal name:
Stephen Edwin
400 1# - SEE FROM TRACING--PERSONAL NAME
- Personal name:
King, Stiven,
- Dates associated with a name:
1947-
400 1# - SEE FROM TRACING--PERSONAL NAME
- Personal name:
King, Stivn,
- Dates associated with a name:
1947-
400 1# - SEE FROM TRACING--PERSONAL NAME
- Personal name:
Кинг, С.,
- Dates associated with a name:
1947-
400 1# - SEE FROM TRACING--PERSONAL NAME
- Personal name:
Кинг, Стивен,
- Dates associated with a name:
1947-
400 1# - SEE FROM TRACING--PERSONAL NAME
- Personal name:
קינג, סטיפן,
- Dates associated with a name:
1947-
400 1# - SEE FROM TRACING--PERSONAL NAME
- Personal name:
קינג, סטיבן,
- Dates associated with a name:
1947-
500 1# - SEE ALSO FROM TRACING--PERSONAL NAME
- Control subfield:
r
- Relationship information:
Alternate identity:
- Personal name:
Bachman, Richard
- Authority record control number or standard number:
(DLC)n 84087593
500 1# - SEE ALSO FROM TRACING--PERSONAL NAME
- Control subfield:
r
- Relationship information:
Alternate identity:
- Personal name:
Evans, Beryl,
- Dates associated with a name:
1947-
510 2# - SEE ALSO FROM TRACING--CORPORATE NAME
- Control subfield:
r
- Relationship information:
Corporate body:
- Corporate name or jurisdiction name as entry element:
Rock Bottom Remainders (Musical group)
- Authority record control number or standard number:
(DLC)n 94002771
670 ## - SOURCE DATA FOUND
- Source citation:
His Carrie, 1974.
670 ## - SOURCE DATA FOUND
- Source citation:
Washington post, 4/9/85
- Information found:
(Stephen King has written 5 novels using the pseudonym Richard Bachman)
670 ## - SOURCE DATA FOUND
- Source citation:
Collings, M.R. The work of Stephen King, 1993:
- Information found:
CIP galley (b. Stephen Edward King, 9/21/47, Portland, Me.)
670 ## - SOURCE DATA FOUND
- Source citation:
Langolʹery, 1993:
- Information found:
t.p. (Stiven King)
670 ## - SOURCE DATA FOUND
- Source citation:
The lost work of Stephen King, 1998:
- Information found:
CIP t.p. (Stephen King) galley (Stephen Edwin King; b. Sept. 21, 1947)
670 ## - SOURCE DATA FOUND
- Source citation:
Kudžo, 1987:
- Information found:
t.p. (Stivn King) copyr. (Stephen King)
670 ## - SOURCE DATA FOUND
- Source citation:
Stephen King.com, the official Web site, viewed on Feb. 28, 2006:
- Information found:
biography, etc. (Stephen Edwin King; b. Portland, Maine, 1947; site also includes listings of author's works)
- Uniform Resource Identifier:
http://www.stephenking.com
670 ## - SOURCE DATA FOUND
- Source citation:
Wikipedia, May 23, 2011
- Information found:
(Stephen King; Stephen Edwin King (b. Sept. 21, 1947, Portland, Maine); American author of contemporary horror, suspense, science fiction and fantasy fiction; as of 2011, King has written and published 49 novels, including seven under the pen name Richard Bachman, five non-fiction books, and nine collections of short stories)
670 ## - SOURCE DATA FOUND
- Source citation:
Britannica online, August 15, 2019
- Information found:
(Stephen King, in full Stephen Edwin King, (born September 21, 1947, Portland, Maine, U.S.), American novelist and short-story writer whose books were credited with reviving the genre of horror fiction in the late 20th century; Carrie was the first of many novels in which King blended horror, the macabre, fantasy, and science fiction; King published several of those works, including The Running Man, under the pseudonym Richard Bachman)
670 ## - SOURCE DATA FOUND
- Source citation:
IMDb, October 14, 2022:
- Information found:
(Stephen King; writer, producer, actor)